00931cam a2200265 a 4500999001500000001000900015003000600024005001700030008004100047010001300088020002800101035001500129040002000144050002200164082001700186100002700203245006700230260004600297300002600343500006500369504006700434650001800501942001600519952013000535 c9252d925243063206OCoLC20241126110708.0991202r20001999mnu b 001 0 eng  a99088224 a0800632338 (alk. paper) a.b10810158 aDLCcDLCdOCoLC00aBV2061b.K57 2000 a266.001bKIR1 aKirk, J. Andrew91608110aWhat is mission? :btheological explorations /cJ. Andrew Kirk aMinneapolis, MN :bFortress Press,cc2000 aviii, 302 p. ;c22 cm aOriginally published: London : Darton, Longman & Todd, c1999 aIncludes bibliographical references (p. [274]-291) and indexes 0aMissions9885 2ddccBK011 00102ddc4070aGBCbGBCcMNMSd2022-06-20l17m1o266.001 KIRp015696r2026-02-09 12:09:55s2026-02-06tc.1w2022-06-20yBK